El Poder visto desde abajo: democracia, educación y ciudadanía en espacios locales /

Kaydedildi:
Detaylı Bibliyografya
Yazar: Tanaka, Martín
Kurumsal yazarlar: IEP, Instituto de Estudios Peruanos
Diğer Yazarlar: comp Ames, Patricia Sulmont, David Uccelli, Francesca Vargas, Carlos
Materyal Türü: Metin
Baskı/Yayın Bilgisi: Lima: IEP
Konular:
Etiketler: Etiketle
Etiket eklenmemiş, İlk siz ekleyin!

MARC

LEADER 00000 a a2200000 04500
001 28611
003
040 |a CRAI/IIS  |c CRAI/IIS 
020 |a 9972-51-036-0  
090 |a 189202  
100 |a Tanaka, Martín  
110 |a IEP  
245 |a El Poder visto desde abajo: democracia, educación y ciudadanía en espacios locales /  |c IEP  
260 |a Lima:   |b IEP  
300 |a 334 p  
500 |a Versión más extensa en: El nuevo mapa político peruano. Partidos políticos, movimientos nacionales e independentistas (Documento de Trabajo n° 103, IEP).Versión prelimirar fuen presentada en el Seminario "Democracia, representación política y ciudadanía 
650 |a GOBIERNO LOCAL  
650 |a COMPORTAMIENTO POLITICO  
650 |a LIDERAZGO POLITICO  
700 |a comp   |a Ames, Patricia   |a Sulmont, David   |a Uccelli, Francesca   |a Vargas, Carlos  
710 |a Instituto de Estudios Peruanos  
999 |c 17719  |d 17719